101 câu hỏi thường gặp trong sản xuất nông nghiệp
Sách gồm 3 phần trình bày về kỹ thuật nuôi tôm biển, tôm càng xanh và cua biển.
保存先:
| フォーマット: | 図書 |
|---|---|
| 言語: | Undetermined |
| 出版事項: |
Thành phố Hồ Chí Minh
Trẻ
2000
|
| 主題: | |
| タグ: |
タグ追加
タグなし, このレコードへの初めてのタグを付けませんか!
|
| Thư viện lưu trữ: | Trung tâm Học liệu Trường Đại học Cần Thơ |
|---|
| LEADER | 00739nam a2200205Ia 4500 | ||
|---|---|---|---|
| 001 | CTU_37933 | ||
| 008 | 210402s9999 xx 000 0 und d | ||
| 082 | |a 630 | ||
| 082 | |b M458/T.6 | ||
| 245 | 0 | |a 101 câu hỏi thường gặp trong sản xuất nông nghiệp | |
| 245 | 0 | |c Trần Văn Hòa ... [et al.] | |
| 260 | |a Thành phố Hồ Chí Minh | ||
| 260 | |b Trẻ | ||
| 260 | |c 2000 | ||
| 520 | |a Sách gồm 3 phần trình bày về kỹ thuật nuôi tôm biển, tôm càng xanh và cua biển. | ||
| 650 | |a Crabs,Fish culture,Shrimps | ||
| 650 | |x Breeding,Breeding | ||
| 650 | |z Vietnam | ||
| 904 | |i Minh, Giang sửa | ||
| 980 | |a Trung tâm Học liệu Trường Đại học Cần Thơ | ||